000 00767nam a22002657a 4500
003 UA-OsUOA
001 75789
007 ta
008 20110531b un ||||| |||| 00| 0 ukr d
100 _aКуприянов И.
700 _aДорошкевич В.
090 _a1(100)
_bК92
942 _cBK
040 _aUA-OsUOA
_brus
_cUA-OsUOA
_dUA-OsUOA
245 _aЭтюды о загадочных проблемах мировой философии (Наука логики)
300 _a32 с.
955 _a2
041 _arus
080 _a1(100)
020 _a978-966-653-236-0
260 _aЗапорожье
_bПросвіта
_c2010
250 _nизд. 2-е, доп.
650 7 _a1 Філософські науки
_2UDC
999 _c362089
_d362089